Central Library OPAC University of Rajshahi

Escape from empire : (Record no. 64016)

MARC details
000 -LEADER
fixed length control field 00840nam a2200253 a 4500
001 - CONTROL NUMBER
control field 64016
003 - CONTROL NUMBER IDENTIFIER
rucl marc code BD-RjUL
005 - DATE AND TIME OF LATEST TRANSACTION
control field 20211209081249.0
008 - FIXED-LENGTH DATA ELEMENTS--GENERAL INFORMATION
fixed length control field 170208s1983 enka b 001 0 eng d
020 ## - INTERNATIONAL STANDARD BOOK NUMBER
International Standard Book Number 0198226888
035 ## - SYSTEM CONTROL NUMBER
System control number (BD-RjUL)64146
040 ## - CATALOGING SOURCE
Original cataloging agency DLC
Transcribing agency DLC
Modifying agency MYG
-- BD-RjUL
Language of cataloging eng
041 ## - LANGUAGE CODE
Language code of text/sound track or separate title eng
082 ## - DEWEY DECIMAL CLASSIFICATION NUMBER
Edition number 23
Classification number 954.0359
Author mark and year MOE 1983
100 1# - MAIN ENTRY--PERSONAL NAME
Personal name Moore, R. J.
Fuller form of name (Robin James),
Dates associated with a name 1934-
9 (RLIN) 190137
245 10 - TITLE STATEMENT
Title Escape from empire :
Remainder of title the Attlee government and the Indian problem /
Statement of responsibility, etc. R.J. Moore.
260 ## - PUBLICATION, DISTRIBUTION, ETC. (IMPRINT)
Place of publication, distribution, etc. Oxford [Oxfordshire] :
Name of publisher, distributor, etc. Clarendon Press,
Date of publication, distribution, etc. c1983.
300 ## - PHYSICAL DESCRIPTION
Pagination x, 376 p. :
Illustrations ill. ;
Size 23 cm.
500 ## - GENERAL NOTE
General note Includes index
504 ## - BIBLIOGRAPHY, ETC. NOTE
Bibliography, etc Bibliography: p. [357]-363.
600 10 - SUBJECT ADDED ENTRY--PERSONAL NAME
Personal name Attlee, C. R.
Fuller form of name (Clement Richard),
Dates associated with a name 1883-1967.
651 #0 - SUBJECT ADDED ENTRY--GEOGRAPHIC NAME
Geographic name India
General subdivision Politics and government
Chronological subdivision 1919-1947.
9 (RLIN) 172110
942 ## - ADDED ENTRY ELEMENTS (KOHA)
Source of classification or shelving scheme Dewey Decimal Classification
Koha item type Books
Holdings
Lost status Source of classification or shelving scheme Damaged status Not for loan Collection code Permanent Location Current Location Shelving location Date acquired Source of acquisition Cost, normal purchase price Total Checkouts Full call number Date last seen Copy number Koha item type
  Dewey Decimal Classification   Not For Loan Non-fiction Central Library, University of Rajshahi Central Library, University of Rajshahi Reading Room 10/06/1984 U. P. Ltd., Dhaka 495.00   954.0359 MOE 1983 08/02/2017 C-1 Books